| 000 | 00582nam a2200217 a 4500 | ||
|---|---|---|---|
| 003 | OSt | ||
| 005 | 20150331173919.0 | ||
| 008 | 150226s2015 sp ||||| |||| 000 0 spa|d | ||
| 017 | _aDL B. 25568-2014 | ||
| 020 | _a9788433963772 | ||
| 040 |
_bcat _cCDMR |
||
| 100 | 1 |
_aCaparrós, Martín, _d1957- |
|
| 245 | 1 | 3 |
_aEl Hambre _cMartín Caparrós |
| 260 |
_aBarcelona _bAnagrama _c2015 |
||
| 300 |
_a624 p. ; _c24 cm |
||
| 490 | 1 |
_aArgumentos ; _v474 |
|
| 500 | _aReimpressions: 2015 | ||
| 650 | 7 |
_aFam col·lectiva _2lemac |
|
| 650 | 4 |
_aReportatges literaris _9797 |
|
| 942 |
_2udc _cMON |
||
| 999 |
_c6784 _d6784 |
||